header

Outsourcing IT (Record no. 133835)

MARC details
000 -LEADER
fixed length control field 01175nam a2200301 a 4500
100 1# - MAIN ENTRY--AUTHOR NAME
Personal name Kendrick, Rupert.
245 10 - TITLE STATEMENT
Title Outsourcing IT
260 ## - PUBLICATION, DISTRIBUTION, ETC. (IMPRINT)
Place of publication Ely, U.K. :
Name of publisher IT Governance Pub.,
Year of publication 2009.
300 ## - PHYSICAL DESCRIPTION
Number of Pages 323 p.
650 #0 - SUBJECT ADDED ENTRY--TOPICAL TERM
Topical Term Information technology
Topical Term Contracting out.
Topical Term Electronic data processing departments
856 40 - ELECTRONIC LOCATION AND ACCESS
Uniform Resource Identifier http://site.ebrary.com/lib/rucke/Doc?id=10439460

No items available.

© 2026 Rongo University
Contact us: librarian | system librarian | Rongo university